000 00776cam a2200301 4500
001 28223
010 _a9723603381
005 20220405165259.0
021 _aPT
_b80430/94
090 _a28223
095 _aPTBN00679351
100 _a20070903d2004 c y0pory5003 ba
101 0 _apor
102 _aPT
105 _aa z 000ay
106 _ar
930 _lBECRE / V
930 _lBECRE / A
675 _a087.5
_vBN
_zpor
700 1 _aSoares,
_bLuísa Ducla,
_f1939-
_92431
701 1 _aBacelar,
_bManuela,
_f1943-
_4070
200 1 _aOs ovos misteriosos
_fLuísa Ducla Soares, Manuela Bacelar
205 _a6ª ed.
210 _aPorto
_cAfrontamento,
_dD.L. 1994
215 _a[32] p.
_cmuito il.
_d26 cm
225 2 _aO triciclo voador
801 0 _aPT
_bBN
_gRPC
990 _cLIVROS